=LDR 00000nam 2200000 4500 =001 INLIS000000000046362 =005 20150312092541.0 =006 =007 =008 =020 ##$$a 978-602-14486-01 =035 ##$$0010-031500000000134 =040 ##$$a NBPDMAT =082 ##$$a 904.5 =090 ##$$a 904.5 $b Sug p =100 ##$$a Sugeng Triutumo =245 ##$$a pengurangan resiko bencana di indonesia $b capaian dan tuntunan $c 904.5 =260 ##$$a jakarta $b yayasan pengurangan resiko bencana ( YPRB) $C 2013 =300 ##$$a IV, 28 HLM, $B ILUS $C 21 CM. =500 ##$$a Bibliografi : hlm. 23-25 =700 ##$$a Sugeng Triutumo =990 ##$$a 0001/BPAP-NTB/20142015